| 000 | 00535nam a2200229Ia 4500 | ||
|---|---|---|---|
| 003 | OSt | ||
| 005 | 20220912144337.0 | ||
| 006 | a|||||r|||| 00| 0 | ||
| 007 | ta | ||
| 008 | 220909b |||||||| |||| 00| 0 eng d | ||
| 020 | _aSL0688724 | ||
| 024 | _a196147 | ||
| 037 | _cTextual | ||
| 040 |
_aCSL _beng _cCSL |
||
| 041 | _aeng | ||
| 082 | _aY73:4:6, L5 | ||
| 100 | _aGLAZER | ||
| 245 | 0 | _aAFFIRMATIVE DISCRIMINATION ETHNIC | |
| 700 | _aGLAZER | ||
| 942 |
_hY73:4:6, L5 _cTEXL _2CC |
||
| 999 |
_c5542 _d5542 |
||